01236nam a2200301 u 450000100070000000500170000700800410002403500170006503500210008204000130010304100080011608000080012410000350013224500510016726000340021830000170025249000280026950000150029750502480031265000410056065100530060170000380065470000370069271000500072994200090077999900190078895201270080782162220260506093431.0021004e19931001 eng  a821622z5820 a(OCoLC)760414205 ccomduadb aeng aFMI10aGaly, Michel4auteaut937694210aSpain : converging with the european community aWashington, DC :bIMF,c1993. a58 páginas0 aOccasional paper ;v101 aCuadr.est. aCONTENIDO: 2. Opening up of the Spanish economy in the context of EC integration -- 3. Financial liberalization in Spain -- 4. External constraints on monetary management -- 5. Personal Income tax reform -- 6. Fiscal decentralization in Spain. aComunidad Económica Europea943696 7aEspañaxCondiciones económicas2lemb986201310aPastor, Gonzalo4auteaut937694310aPujol, Thierry4auteaut937694420aInternational Monetary Fund4auteaut9830680 cBOOK c260109d260109 001040708GENERALaCIEbCIEd2023-04-24iC789246l0oFMI/20676p61000004365083r2023-04-24 00:00:00t1w2023-04-24yBOOK